Historia de las leyes (Registro nro. 302995)
[ vista simple ]
| 000 -ENCABEZADO | |
|---|---|
| Número de control [NR] | 01833nam a2200265Ia 4500 |
| 005 - FECHA Y HORA DE LA ÚLTIMA TRANSACCIÓN | |
| control field | 20160401150617.0 |
| 008 - DE LONGITUD FIJA DE DATOS DE ELEMENTOS - INFORMACIÓN GENERAL | |
| Elementos de longitud fija [NR] | 130821s1933 ck frl l 1 spa d |
| 040 ## - FUENTE DE CATALOGACION [NR] | |
| Agencia de catalogación original [NR] | Co-BoUCM |
| Idioma de catalogación [NR] | spa |
| Quien Cataloga | Sandra Yazo |
| Quien Clasifica | Sandra Yazo |
| 041 0# - CODIGO DE IDIOMA [R] | |
| Código de idioma para texto/pista de sonido o título separado [R] | Español |
| 082 04 - NUMERO DE CLASIFICACION DECIMAL DEWEY [R] | |
| Número de clasificación [R] | 348.022 |
| Número de la edición [NR] | 20 |
| 092 ## - SIGNATURA TOPOGRAFICA LOCAL | |
| Número de clasificación local | E38N118 |
| 110 2# - ASIENTO PRINCIPAL--NOMBRE CORPORATIVO [NR] | |
| ID de autoridad | 76139 |
| Nombre corporativo o de jurisdicción como elemento de entrada [NR] | Colombia |
| Unidad subordinada [R] | Senado |
| -- | Congreso Cámara de Representantes |
| 245 00 - MENCION DE TITULO [NR] | |
| Título [NR] | Historia de las leyes |
| Mención de responsabilidad, etc. [NR] | publicación ordenada por el Senado de la Republica, bajo la dirección del Secretario ... Odilio Vargas |
| Nombre de la parte/sección de la obra [R] | Año de 1925 Tomo I |
| -- | Legislatura de 1931 Tomo XX |
| 260 ## - PUBLICACION, DISTRIBUCION, ETC. (PIE DE IMPRENTA) [R] | |
| Lugar de publicación, distribución, etc. [R] | Bogotá (Colombia) |
| Nombre del editor, distribuidor, etc. [R] | Imprenta Nacional |
| Fecha de publicación, distribución, etc. [R] | 1933 |
| 300 ## - DESCRIPCION FISICA [R] | |
| Extensión [R] | 2 volúmenes (502 ; 391 páginas) |
| Dimensiones [R] | 24 x 17 cm |
| 500 ## - NOTA GENERAL [R] | |
| Nota general [NR] | Detalles físicos: Encuadernación rígida en cartón forrada en papel. Lomo en tela con adornos en dorado. Guardas. Anteportada. Portada impresa en una sola tinta. Texto impreso en una sola columna, con varios tipos y tamaños de letra. Papel manchado. Colección incompleta. |
| 500 ## - NOTA GENERAL [R] | |
| Nota general [NR] | Ejemplares agrupadas en un solo registro para mantener el orden de la colección. V.20 indica en portada edición ordenada por la Cámara de Representantes y dirigida, concordada y anotada por Horacio Valencia Arango |
| 505 2# - NOTA DE CONTENIDO CON FORMATO PREESTABLECIDO [R] | |
| Nota de contenido con formato preestablecido [NR] | V.1: Introducción ; Antecedentes de la ley 1 – 20: Agua de Dios ; Autorizaciones de gobierno ; Auxilios ; ; Banco de la Republica ; Biblioteca Nacional ; Caminos y carreteras ; Deuda interna y externa ; Ferrocarriles ; Higiene social y asistencia pública ; Limite de Boyacá y Santander ; Resguardos de indígenas ; Tuberculosis -- V.20: Antecedentes de la Ley 28-36 de 1931 |
| 506 ## - NOTA DE RESTRICCIONES DE ACCESO [R] | |
| Condiciones de acceso [NR] | Consulta en sala |
| 650 #7 - ASIENTO SECUNDARIO DE MATERIA - TERMINO TEMATICO [R] | |
| Término temático o nombre geográfico como elemento de entrada [NR] | Legislación |
| Subdivisión geográfica [R] | Colombia |
| 9 (RLIN) | 39469 |
| 650 #7 - ASIENTO SECUNDARIO DE MATERIA - TERMINO TEMATICO [R] | |
| Término temático o nombre geográfico como elemento de entrada [NR] | Leyes |
| Subdivisión geográfica [R] | Colombia |
| 9 (RLIN) | 37586 |
| 651 #4 - ASIENTO SECUNDARIO DE MATERIA - NOMBRE GEOGRAFICO [R] | |
| Nombre geográfico [NR] | Colombia |
| 9 (RLIN) | 26889 |
| 690 ## - ASUNTO AGREGADO LOCAL DE ENTRADA - TÉRMINO TEMÁTICO (OCLC, RLIN) | |
| Acceso temático local | Derecho constitucional |
| 9 (RLIN) | 12725 |
| 942 ## - ELEMENTOS DE ENTRADA AGREGADOS (KOHA) | |
| Tipo de ítem principal el descrito en 300a | Libro |
| Tema principal | 8 |
| Edición | 1 |
| Sistema de clasificación | LOCAL |
| Clasificación | E38N118 |
| Suprimido | Perdido | Sistema de clasificación | Dañado | No prestable | Tipo de ítem específico | Ubicación habitual | Ubicación actual | Localización | Fecha de creación | Forma de adquisición | Costo | Volúmen / Fascículo | Total préstamos | Signatura topográfica | Código de barras | Última vez visto | Ejemplar | Price effective from | Tipo de ítem |
|---|---|---|---|---|---|---|---|---|---|---|---|---|---|---|---|---|---|---|---|
| LOCAL | Libro archivo | Archivo Histórico | Archivo Histórico | Archivo histórico | 11/03/2016 | Donación | 0.00 | V.1 | E38N118 | L005445 | 11/03/2016 | Ej.1 | 11/03/2016 | Libro | |||||
| LOCAL | Libro archivo | Archivo Histórico | Archivo Histórico | Archivo histórico | 11/03/2016 | Donación | 0.00 | V.20 | E38N118 | L005444 | 11/03/2016 | Ej.1 | 11/03/2016 | Libro |